| 000 | 00540nam a22001817a 4500 | ||
|---|---|---|---|
| 005 | 20251108171106.0 | ||
| 008 | 250721s1980 xx 000 0 ara d | ||
| 082 | 1 | 4 | _aم/811.6/سهل |
| 100 | 1 | _aابن سهل الاندلسي، | |
| 245 | 1 | 0 | _aديوان إبن سهل الأندلسي / |
| 264 | 1 |
_aبيروت : _bدار صادر، _c1980. |
|
| 300 | _a380ص | ||
| 650 | 1 | 7 | _aالشعر العربي |
| 650 | 1 | 7 | _aالعصر الاندلسي |
| 700 | 1 |
_aعباس، إحسان _eقدم له |
|
| 942 |
_2ddc _cREF |
||
| 999 |
_c56371 _d56371 |
||